Porque no saben lo que hacen: el goce cómo un factor político

Saved in:
Bibliographic Details
Main Author: Zizek, Slavoj (Author)
Format: Book
Language:Spanish
Published: Buenos Aires Paidós 1998
Series:Colección Espacios del Saber, 8
Subjects:
Tags: Add Tag
No Tags, Be the first to tag this record!

MARC

LEADER 00000nam a2200000 a 4500
001 UCP5691
003 CL-VaPUC
008 990927e19980000AG |||||||||||||||||spa|d
020 |a 9501265080 
082 0 4 |a 320.01  |b ZIZ  |2 21 
100 0 |a Zizek, Slavoj  |e author  |9 434195 
245 1 0 |a Porque no saben lo que hacen: el goce cómo un factor político 
300 |a 370 p 
942 |c BK 
945 |d 19990927 00:00:00  |a rbrito 
260 |a Buenos Aires  |b Paidós  |c 1998 
650 7 |a FILOSOFIA POLITICA  |2 CL-VaPUC  |9 434196 
650 0 |a Psicoanálisis   |9 265702 
583 |a last modification  |c 20121001 12:53:19  |k Rodrigo Vera 
490 0 |a Colección Espacios del Saber, 8 
999 |c 283368  |d 283366